| 000 | 01135cab a2200229 4500 | ||
|---|---|---|---|
| 001 | ABS67567 | ||
| 008 | 040216n2004 000 0 eng u | ||
| 035 | _a(Sirsi) u125150 | ||
| 245 | _aFocus 2004: ports and airports | ||
| 260 | _c2004 | ||
| 490 |
_aEstates Gazette _v(0406) 7 February 2004, 73-81(5) |
||
| 520 | _aSpecial report on UK ports and airports. Considers the knock-on effect that government approval for a second runway at Stansted could have on property development in Harlow and Braintree. And, reiterates the warning given in the ninth report of the House of Commons Select Committee on Transport that the lack of direct rail links to UK ports could have an adverse effect on the competitiveness of UK ports. View the report at www.parliament.the-stationery-office.co.uk. | ||
| 590 | _aABS | ||
| 650 | _aAIRPORTS | ||
| 650 | _aPORTS | ||
| 650 | _aAIR FREIGHT | ||
| 650 | _aRAILWAYS | ||
| 650 | _aRAIL LINK | ||
| 690 | _aTRANSPORT AND COMMUNICATIONS | ||
| 856 | _aView the report on the Parliament website www.parliament.the-stationery-office.co.uk/pa/cm200203/cmselect/cmtran/783/78302.htm. | ||
| 942 | _n0 | ||
| 999 |
_c74149 _d74149 |
||